Yüklüyor......

Vividh prasang comp by Amritray 3V /

Detaylı Bibliyografya
Yazar: Premchand
Dil:Undetermined
Baskı/Yayın Bilgisi: 1962.
LEADER 01297nam a2200181Ia 4500
001 51028
008 170722s9999 xx 000 0 und d
100 |a Premchand 
245 |a Vividh prasang comp by Amritray 3V / 
260 |c 1962. 
942 |c GEN 
999 |c 68055  |d 68055 
952 |0 0  |1 0  |4 0  |6 O_1523M90W2_K2_1K2_2K2_3K2_11K2_31  |7 0  |8 LC1  |9 96513  |a LIB  |b LIB  |d 2017-08-12  |h LC1  |o O152,3M90w,2 K2.1,K2.2-K2.3,K2.1;1-K2.3;1  |p 111442  |r 2017-08-12  |w 2017-08-12  |y GEN 
952 |0 0  |1 0  |4 0  |6 O_1523M90W2_K2_1K2_2K2_3K2_11K2_31  |7 0  |9 96514  |a LIB  |b LIB  |d 2017-08-12  |o O152,3M90w,2 K2.1,K2.2-K2.3,K2.1;1-K2.3;1  |p 111443  |r 2017-08-12  |w 2017-08-12  |y GEN 
952 |0 0  |1 0  |4 0  |6 O_1523M90W2_K2_1K2_2K2_3K2_11K2_31  |7 0  |8 CR  |9 96515  |a LIB  |b LIB  |d 2017-08-12  |h CR  |o O152,3M90w,2 K2.1,K2.2-K2.3,K2.1;1-K2.3;1  |p 111444  |r 2017-08-12  |w 2017-08-12  |y GEN 
952 |0 0  |1 0  |4 0  |6 O_1523M90W2_K2_1K2_2K2_3K2_11K2_31  |7 0  |9 96516  |a LIB  |b LIB  |d 2017-08-12  |o O152,3M90w,2 K2.1,K2.2-K2.3,K2.1;1-K2.3;1  |p 112522  |r 2017-08-12  |w 2017-08-12  |y GEN 
952 |0 1  |1 0  |4 0  |6 O_1523M90W2_K2_1K2_2K2_3K2_11K2_31  |7 0  |9 96517  |a LIB  |b LIB  |d 2017-08-12  |o O152,3M90w,2 K2.1,K2.2-K2.3,K2.1;1-K2.3;1  |p 112523  |r 2017-08-12  |w 2017-08-12  |y GEN 
952 |0 0  |1 0  |4 0  |6 O_1523M90W2_K2_1K2_2K2_3K2_11K2_31  |7 0  |9 96518  |a LIB  |b LIB  |d 2017-08-12  |o O152,3M90w,2 K2.1,K2.2-K2.3,K2.1;1-K2.3;1  |p 112524  |r 2017-08-12  |w 2017-08-12  |y GEN